[Event "WCO2014"]
[Site "Tromso"]
[Date "2014.08.12"]
[Round "10.37"]
[WhiteID "14111330"]
[White "Muzychuk Anna"]
[BlackID "14109336"]
[Black "Lagno Kateryna"]
[Result "1/2-1/2"]
[LiveChessVersion "1.4.3"]
[BlackElo "2540"]
[WhiteElo "2555"]

1. e4 {[%clk 1:30:57]} c5 {[%clk 1:30:51]} 2. Nf3 {[%clk 1:31:20]} d6
{[%clk 1:31:13]} 3. Bb5+ {[%clk 1:31:37]} Bd7 {[%clk 1:31:13]} 4. Bxd7+
{[%clk 1:31:59]} Qxd7 {[%clk 1:31:33]} 5. O-O {[%clk 1:32:17]} Nf6
{[%clk 1:31:31]} 6. e5 {[%clk 1:32:22]} dxe5 {[%clk 1:30:51]} 7. Nxe5
{[%clk 1:32:46]} Qc8 {[%clk 1:29:07]} 8. Qf3 {[%clk 1:32:55]} e6 {[%clk 1:28:12]}
9. b3 {[%clk 1:33:01]} Be7 {[%clk 1:26:48]} 10. Bb2 {[%clk 1:32:08]} O-O
{[%clk 1:26:40]} 11. Na3 {[%clk 1:31:34]} Nbd7 {[%clk 1:19:37]} 12. Nac4
{[%clk 1:30:08]} Nxe5 {[%clk 1:18:16]} 13. Nxe5 {[%clk 1:30:12]} Rd8
{[%clk 0:55:52]} 14. Rad1 {[%clk 1:27:51]} Qc7 {[%clk 0:55:58]} 15. Rfe1
{[%clk 1:22:57]} Rac8 {[%clk 0:49:44]} 16. c4 {[%clk 1:06:50]} Bf8
{[%clk 0:48:07]} 17. h4 {[%clk 1:02:42]} Ne8 {[%clk 0:41:47]} 18. h5
{[%clk 0:59:44]} h6 {[%clk 0:42:10]} 19. g4 {[%clk 0:51:15]} Qe7 {[%clk 0:40:48]}
20. d4 {[%clk 0:43:51]} cxd4 {[%clk 0:41:01]} 21. Bxd4 {[%clk 0:43:09]} Qc7
{[%clk 0:33:50]} 22. Rd3 {[%clk 0:39:29]} Nf6 {[%clk 0:31:27]} 23. Qe3
{[%clk 0:32:15]} Rd6 {[%clk 0:22:07]} 24. Red1 {[%clk 0:27:18]} Rcd8
{[%clk 0:22:03]} 25. Kg2 {[%clk 0:26:08]} Nd7 {[%clk 0:14:33]} 26. Qf3
{[%clk 0:19:12]} Nf6 {[%clk 0:13:49]} 27. Qe3 {[%clk 0:17:51]} Nd7
{[%clk 0:14:14]} 28. Qf3 {[%clk 0:17:58]} Nf6 {[%clk 0:14:39]} 29. Qe3
{[%clk 0:18:17]} Nd7 1/2-1/2

[Event "WCO2014"]
[Site "Tromso"]
[Date "2014.08.12"]
[Round "10.38"]
[WhiteID "4167570"]
[White "Gunina Valentina"]
[BlackID "14114550"]
[Black "Muzychuk Mariya"]
[Result "1/2-1/2"]
[LiveChessVersion "1.4.3"]
[BlackElo "2530"]
[WhiteElo "2524"]

1. d4 {[%clk 1:30:55]} Nf6 {[%clk 1:30:53]} 2. c4 {[%clk 1:31:16]} g6
{[%clk 1:31:14]} 3. Nc3 {[%clk 1:29:53]} d5 {[%clk 1:31:25]} 4. cxd5
{[%clk 1:29:29]} Nxd5 {[%clk 1:31:50]} 5. Bd2 {[%clk 1:29:55]} Bg7
{[%clk 1:31:23]} 6. e4 {[%clk 1:30:19]} Nxc3 {[%clk 1:31:50]} 7. Bxc3
{[%clk 1:29:57]} O-O {[%clk 1:31:23]} 8. Rc1 {[%clk 1:29:44]} c5 {[%clk 1:29:55]}
9. dxc5 {[%clk 1:26:22]} Qxd1+ {[%clk 1:30:00]} 10. Kxd1 {[%clk 1:26:11]} Rd8+
{[%clk 1:30:24]} 11. Ke1 {[%clk 1:25:31]} Be6 {[%clk 1:26:52]} 12. Bxg7
{[%clk 1:19:57]} Kxg7 {[%clk 1:27:11]} 13. a3 {[%clk 1:10:00]} Nc6
{[%clk 1:25:33]} 14. Nf3 {[%clk 1:06:55]} Nd4 {[%clk 1:19:31]} 15. Bc4
{[%clk 1:04:43]} Rac8 {[%clk 1:16:03]} 16. b4 {[%clk 1:03:12]} Nxf3+
{[%clk 1:12:33]} 17. gxf3 {[%clk 1:03:37]} Bxc4 {[%clk 1:12:58]} 18. Rxc4
{[%clk 1:04:03]} Rd3 {[%clk 1:13:23]} 19. Ke2 {[%clk 1:03:38]} Rxa3
{[%clk 1:12:20]} 20. Rd1 {[%clk 1:03:18]} Rc7 {[%clk 1:07:54]} 21. Rd3
{[%clk 0:47:01]} Ra4 {[%clk 1:02:32]} 22. Rdc3 {[%clk 0:20:49]} b5
{[%clk 0:59:35]} 23. cxb6 {[%clk 0:14:34]} Rxc4 {[%clk 0:59:57]} 24. Rxc4
{[%clk 0:15:02]} axb6 {[%clk 1:00:24]} 25. e5 {[%clk 0:15:05]} b5
{[%clk 0:54:48]} 26. Rd4 {[%clk 0:15:15]} e6 {[%clk 0:53:34]} 27. Ke3
{[%clk 0:13:49]} Ra1 {[%clk 0:51:23]} 28. Kd3 {[%clk 0:08:32]} Rd1+
{[%clk 0:45:15]} 29. Kc3 {[%clk 0:07:00]} Rf1 {[%clk 0:41:01]} 30. Rd2
{[%clk 0:06:49]} Rh1 {[%clk 0:40:54]} 31. Kd4 {[%clk 0:06:46]} Rxh2
{[%clk 0:39:43]} 32. Kc5 {[%clk 0:07:08]} h5 {[%clk 0:37:56]} 33. Kxb5
{[%clk 0:07:34]} h4 {[%clk 0:33:05]} 34. f4 {[%clk 0:03:23]} h3 {[%clk 0:28:25]}
35. Kc6 {[%clk 0:03:06]} Rh1 {[%clk 0:03:52]} 36. f3 {[%clk 0:03:17]} g5
{[%clk 0:03:15]} 37. fxg5 {[%clk 0:02:00]} Kg6 {[%clk 0:03:44]} 38. b5
{[%clk 0:01:14]} Rc1+ {[%clk 0:01:43]} 39. Kd6 {[%clk 0:01:17]} Rb1
{[%clk 0:02:01]} 40. Rh2 {[%clk 0:00:50]} Rxb5 {[%clk 0:01:34]} 41. Rxh3
{[%clk 0:00:43]} Rd5+ {[%clk 0:01:38]} 42. Ke7 {[%clk 0:00:47]} Rxe5
{[%clk 0:01:57]} 43. Rh6+ {[%clk 0:22:23]} Kxg5 {[%clk 0:32:16]} 44. Rf6
{[%clk 0:22:33]} Rf5 {[%clk 0:31:46]} 45. Rxf7 {[%clk 0:22:24]} 1/2-1/2

[Event "WCO2014"]
[Site "Tromso"]
[Date "2014.08.12"]
[Round "10.40"]
[WhiteID "4195752"]
[White "Girya Olga"]
[BlackID "14101513"]
[Black "Zhukova Natalia"]
[Result "0-1"]
[LiveChessVersion "1.4.3"]
[BlackElo "2468"]
[WhiteElo "2484"]

1. d4 {[%clk 1:30:57]} Nf6 {[%clk 1:30:47]} 2. c4 {[%clk 1:31:12]} e6
{[%clk 1:31:06]} 3. Nf3 {[%clk 1:31:29]} d5 {[%clk 1:31:06]} 4. Nc3
{[%clk 1:31:49]} Bb4 {[%clk 1:31:11]} 5. cxd5 {[%clk 1:31:46]} exd5
{[%clk 1:31:29]} 6. Bg5 {[%clk 1:32:01]} h6 {[%clk 1:30:34]} 7. Bh4
{[%clk 1:32:18]} c5 {[%clk 1:29:17]} 8. e3 {[%clk 1:30:26]} c4 {[%clk 1:25:15]}
9. Qc2 {[%clk 1:15:10]} Nc6 {[%clk 1:19:16]} 10. Nd2 {[%clk 1:12:48]} Be6
{[%clk 0:58:24]} 11. Be2 {[%clk 1:12:19]} g5 {[%clk 0:52:37]} 12. Bg3
{[%clk 1:12:41]} Qd7 {[%clk 0:52:59]} 13. a3 {[%clk 1:07:24]} Bf5
{[%clk 0:47:47]} 14. Qc1 {[%clk 1:04:17]} Ba5 {[%clk 0:18:29]} 15. O-O
{[%clk 0:56:05]} a6 {[%clk 0:16:28]} 16. b4 {[%clk 0:50:44]} Bd8 {[%clk 0:14:34]}
17. f3 {[%clk 0:44:59]} b5 {[%clk 0:13:11]} 18. Bf2 {[%clk 0:39:44]} O-O
{[%clk 0:12:57]} 19. Qb2 {[%clk 0:34:10]} Re8 {[%clk 0:12:36]} 20. Rfe1
{[%clk 0:30:01]} Bc7 {[%clk 0:11:44]} 21. Rad1 {[%clk 0:22:47]} h5
{[%clk 0:09:54]} 22. e4 {[%clk 0:20:49]} dxe4 {[%clk 0:07:32]} 23. Ndxe4
{[%clk 0:21:07]} Bxe4 {[%clk 0:04:32]} 24. fxe4 {[%clk 0:18:54]} Nxe4
{[%clk 0:05:00]} 25. Nxe4 {[%clk 0:19:09]} Rxe4 {[%clk 0:05:29]} 26. Bxh5
{[%clk 0:17:19]} Rae8 {[%clk 0:04:07]} 27. Rxe4 {[%clk 0:16:32]} Rxe4
{[%clk 0:04:35]} 28. d5 {[%clk 0:11:00]} Ne5 {[%clk 0:04:10]} 29. Qd2
{[%clk 0:08:43]} Bd8 {[%clk 0:03:00]} 30. d6 {[%clk 0:06:41]} Nd3
{[%clk 0:02:57]} 31. Bf3 {[%clk 0:05:26]} Re8 {[%clk 0:02:28]} 32. Bg3
{[%clk 0:02:00]} Bb6+ {[%clk 0:02:51]} 33. Kh1 {[%clk 0:01:50]} Be3
{[%clk 0:03:19]} 34. Qc2 {[%clk 0:01:13]} Bf4 {[%clk 0:02:40]} 35. Bxf4
{[%clk 0:00:59]} gxf4 {[%clk 0:03:08]} 36. Rf1 {[%clk 0:00:49]} Qxd6
{[%clk 0:03:21]} 37. h3 {[%clk 0:00:43]} Re3 {[%clk 0:02:53]} 38. Bg4
{[%clk 0:00:43]} Qe5 {[%clk 0:02:23]} 39. Bf3 {[%clk 0:00:34]} Re1
{[%clk 0:00:58]} 40. Rxe1 {[%clk 0:00:56]} Qxe1+ {[%clk 0:01:26]} 41. Kh2
{[%clk 0:01:25]} Nf2 {[%clk 0:23:48]} 42. g3 {[%clk 0:32:24]} fxg3+
{[%clk 0:20:13]} 43. Kxg3 {[%clk 0:31:40]} Ne4+ {[%clk 0:20:15]} 44. Kf4
{[%clk 0:31:20]} Qg3+ {[%clk 0:20:35]} 45. Ke3 {[%clk 0:31:39]} Ng5
{[%clk 0:20:48]} 0-1

[Event "WCO2014"]
[Site "Tromso"]
[Date "2014.08.12"]
[Round "10.33"]
[WhiteID "1502786"]
[White "Bjerke Silje"]
[BlackID "13401521"]
[Black "Mamedjarova Zeinab"]
[Result "0-1"]
[LiveChessVersion "1.4.3"]
[BlackElo "2229"]
[WhiteElo "2189"]

1. e4 {[%clk 1:30:57]} d6 {[%clk 1:30:30]} 2. d4 {[%clk 1:31:15]} Nf6
{[%clk 1:30:49]} 3. Nc3 {[%clk 1:31:24]} Nbd7 {[%clk 1:31:07]} 4. Nf3
{[%clk 1:31:04]} e5 {[%clk 1:31:27]} 5. g4 {[%clk 1:30:55]} Nxg4 {[%clk 1:21:15]}
6. Rg1 {[%clk 1:30:50]} h5 {[%clk 1:13:29]} 7. h3 {[%clk 1:24:32]} exd4
{[%clk 1:10:28]} 8. Nxd4 {[%clk 1:22:11]} Ngf6 {[%clk 1:07:53]} 9. Be3
{[%clk 1:15:24]} Nc5 {[%clk 1:01:49]} 10. Qf3 {[%clk 1:03:50]} c6
{[%clk 0:26:31]} 11. O-O-O {[%clk 0:52:37]} Bd7 {[%clk 0:25:40]} 12. Nf5
{[%clk 0:38:20]} Bxf5 {[%clk 0:23:32]} 13. Bxc5 {[%clk 0:38:21]} Be6
{[%clk 0:10:51]} 14. e5 {[%clk 0:33:59]} Nd7 {[%clk 0:10:51]} 15. Bxd6
{[%clk 0:33:28]} Qa5 {[%clk 0:09:57]} 16. Bxf8 {[%clk 0:23:21]} Rxf8
{[%clk 0:09:50]} 17. Rxg7 {[%clk 0:20:02]} Qxe5 {[%clk 0:09:10]} 18. Rg1
{[%clk 0:18:51]} O-O-O {[%clk 0:09:08]} 19. Bg2 {[%clk 0:16:44]} Nb6
{[%clk 0:08:38]} 20. Kb1 {[%clk 0:10:30]} Nc4 {[%clk 0:07:53]} 21. Qg3
{[%clk 0:06:31]} Rxd1+ {[%clk 0:06:15]} 22. Rxd1 {[%clk 0:06:39]} Qxg3
{[%clk 0:06:00]} 23. fxg3 {[%clk 0:07:07]} Ne3 {[%clk 0:05:46]} 24. Rd2
{[%clk 0:07:14]} Nxg2 {[%clk 0:02:09]} 25. Rxg2 {[%clk 0:07:42]} Bxh3
{[%clk 0:02:33]} 26. Rf2 {[%clk 0:07:50]} Kd7 {[%clk 0:01:21]} 27. Ne4
{[%clk 0:07:40]} Ke7 {[%clk 0:01:11]} 28. Kc1 {[%clk 0:07:50]} Rg8
{[%clk 0:01:16]} 29. Re2 {[%clk 0:06:05]} Be6 {[%clk 0:01:29]} 30. Re3
{[%clk 0:06:01]} b6 {[%clk 0:01:35]} 31. Kd2 {[%clk 0:05:20]} a5 {[%clk 0:00:50]}
32. a3 {[%clk 0:04:57]} Rd8+ {[%clk 0:00:57]} 33. Kc3 {[%clk 0:04:18]} Rd5
{[%clk 0:01:04]} 34. Nf2 {[%clk 0:03:47]} Kf6 {[%clk 0:00:40]} 35. Nd3
{[%clk 0:03:38]} Bf5 {[%clk 0:00:52]} 36. Re8 {[%clk 0:00:41]} Kg5
{[%clk 0:00:38]} 37. Rg8+ {[%clk 0:00:56]} Bg6 {[%clk 0:00:52]} 38. Rc8
{[%clk 0:00:57]} Bxd3 {[%clk 0:00:49]} 39. cxd3 {[%clk 0:01:21]} Rc5+
{[%clk 0:00:41]} 40. Kd4 {[%clk 0:01:25]} Kg4 {[%clk 0:01:00]} 41. b4
{[%clk 0:26:09]} axb4 {[%clk 0:24:38]} 42. axb4 {[%clk 0:24:35]} Rd5+
{[%clk 0:24:55]} 43. Ke3 {[%clk 0:23:57]} Kxg3 {[%clk 0:18:46]} 44. Rxc6
{[%clk 0:22:26]} h4 {[%clk 0:18:53]} 45. Rxb6 {[%clk 0:22:27]} h3
{[%clk 0:19:03]} 46. Rf6 {[%clk 0:21:02]} h2 {[%clk 0:16:40]} 47. Rxf7
{[%clk 0:16:34]} h1=Q {[%clk 0:16:52]} 48. Rg7+ {[%clk 0:16:58]} Kh4
{[%clk 0:17:17]} 49. Rh7+ {[%clk 0:17:22]} Rh5 {[%clk 0:17:44]} 0-1

[Event "WCO2014"]
[Site "Tromso"]
[Date "2014.08.12"]
[Round "10.34"]
[WhiteID "13403508"]
[White "Mammadova Gulnar"]
[BlackID "14105870"]
[Black "Dolzhikova Olga"]
[Result "1/2-1/2"]
[LiveChessVersion "1.4.3"]
[BlackElo "2166"]
[WhiteElo "2334"]

1. e4 {[%clk 1:30:57]} e5 {[%clk 1:30:38]} 2. Nf3 {[%clk 1:31:20]} Nc6
{[%clk 1:30:56]} 3. Bc4 {[%clk 1:28:08]} Bc5 {[%clk 1:30:35]} 4. c3
{[%clk 1:28:30]} Nf6 {[%clk 1:30:43]} 5. d3 {[%clk 1:28:54]} O-O {[%clk 1:30:13]}
6. O-O {[%clk 1:28:30]} d5 {[%clk 1:29:50]} 7. exd5 {[%clk 1:28:47]} Nxd5
{[%clk 1:30:13]} 8. b4 {[%clk 1:23:27]} Be7 {[%clk 1:29:41]} 9. Re1
{[%clk 1:19:12]} Bg4 {[%clk 1:29:18]} 10. h3 {[%clk 1:18:21]} Bh5
{[%clk 1:29:41]} 11. Bb3 {[%clk 1:10:02]} Bf6 {[%clk 1:14:14]} 12. b5
{[%clk 1:01:51]} Na5 {[%clk 1:00:36]} 13. g4 {[%clk 0:57:05]} Bg6
{[%clk 0:54:44]} 14. Nxe5 {[%clk 0:46:33]} Re8 {[%clk 0:39:37]} 15. d4
{[%clk 0:38:12]} Nxb3 {[%clk 0:24:23]} 16. Qxb3 {[%clk 0:38:03]} c6
{[%clk 0:21:29]} 17. Na3 {[%clk 0:30:58]} Bxe5 {[%clk 0:11:03]} 18. dxe5
{[%clk 0:30:58]} Nc7 {[%clk 0:09:39]} 19. bxc6 {[%clk 0:21:24]} bxc6
{[%clk 0:09:59]} 20. Qc4 {[%clk 0:21:25]} Qh4 {[%clk 0:09:05]} 21. Kg2
{[%clk 0:21:37]} Rad8 {[%clk 0:05:01]} 22. Bf4 {[%clk 0:19:47]} h5
{[%clk 0:04:09]} 23. Bg3 {[%clk 0:19:35]} Qe7 {[%clk 0:04:29]} 24. gxh5
{[%clk 0:18:50]} Bxh5 {[%clk 0:04:17]} 25. Nc2 {[%clk 0:17:40]} Rd2
{[%clk 0:03:46]} 26. Nd4 {[%clk 0:17:10]} c5 {[%clk 0:03:10]} 27. Nb3
{[%clk 0:12:30]} Rb2 {[%clk 0:01:21]} 28. Nxc5 {[%clk 0:12:07]} Ne6
{[%clk 0:01:17]} 29. Ne4 {[%clk 0:11:34]} Qb7 {[%clk 0:01:29]} 30. Kh2
{[%clk 0:10:17]} Rc8 {[%clk 0:01:45]} 31. Qd3 {[%clk 0:10:37]} Bg6
{[%clk 0:01:47]} 32. Qe3 {[%clk 0:09:19]} Qa6 {[%clk 0:01:30]} 33. Nd6
{[%clk 0:09:01]} Rcb8 {[%clk 0:01:29]} 34. a4 {[%clk 0:08:55]} Qc6
{[%clk 0:01:25]} 35. Nb5 {[%clk 0:08:07]} a6 {[%clk 0:01:11]} 36. Nd4
{[%clk 0:08:31]} Qc4 {[%clk 0:01:12]} 37. Nxe6 {[%clk 0:08:50]} fxe6
{[%clk 0:00:58]} 38. Red1 {[%clk 0:08:33]} R2b7 {[%clk 0:00:44]} 39. Rd4
{[%clk 0:08:43]} Qc7 {[%clk 0:00:38]} 40. Rad1 {[%clk 0:08:46]} Qf7
{[%clk 0:00:36]} 41. Qg5 {[%clk 0:06:34]} Qf5 {[%clk 0:22:51]} 42. Qh4
{[%clk 0:33:35]} Bh5 {[%clk 0:15:17]} 43. Rg1 {[%clk 0:20:12]} Rb1
{[%clk 0:12:56]} 44. Rf4 {[%clk 0:16:34]} Qg6 {[%clk 0:12:04]} 45. Rxb1
{[%clk 0:16:38]} Rxb1 {[%clk 0:12:07]} 46. Qd8+ {[%clk 0:17:04]} Qe8
{[%clk 0:10:57]} 47. Rd4 {[%clk 0:16:27]} Qxd8 {[%clk 0:07:59]} 48. Rxd8+
{[%clk 0:16:54]} Kf7 {[%clk 0:08:10]} 49. Kg2 {[%clk 0:15:25]} Ra1
{[%clk 0:05:53]} 50. Rd7+ {[%clk 0:14:27]} Kg6 {[%clk 0:04:59]} 51. Rd6
{[%clk 0:14:36]} Kf5 {[%clk 0:04:29]} 52. Rd4 {[%clk 0:11:43]} Be8
{[%clk 0:03:58]} 53. Rf4+ {[%clk 0:10:43]} Kg6 {[%clk 0:04:22]} 54. Rg4+
{[%clk 0:10:22]} Kf7 {[%clk 0:04:43]} 55. Rf4+ {[%clk 0:10:29]} Kg6
{[%clk 0:04:45]} 56. Rg4+ {[%clk 0:07:21]} Kf7 {[%clk 0:05:11]} 57. Rf4+
{[%clk 0:05:49]} 1/2-1/2

[Event "WCO2014"]
[Site "Tromso"]
[Date "2014.08.12"]
[Round "10.35"]
[WhiteID "500755"]
[White "Koskela Niina"]
[BlackID "13401807"]
[Black "Abdulla Khayala"]
[Result "1/2-1/2"]
[LiveChessVersion "1.4.3"]
[BlackElo "2286"]
[WhiteElo "2213"]

1. Nf3 {[%clk 1:30:49]} Nf6 {[%clk 1:30:44]} 2. g3 {[%clk 1:31:00]} b5
{[%clk 1:29:53]} 3. Bg2 {[%clk 1:31:10]} Bb7 {[%clk 1:30:19]} 4. O-O
{[%clk 1:31:04]} e6 {[%clk 1:30:15]} 5. d3 {[%clk 1:31:07]} Be7 {[%clk 1:29:14]}
6. e4 {[%clk 1:31:07]} d6 {[%clk 1:28:58]} 7. Nd4 {[%clk 1:29:50]} a6
{[%clk 1:19:29]} 8. Nb3 {[%clk 1:29:18]} e5 {[%clk 1:14:27]} 9. a4
{[%clk 1:21:52]} c5 {[%clk 1:10:11]} 10. axb5 {[%clk 1:19:16]} axb5
{[%clk 1:08:46]} 11. Rxa8 {[%clk 1:19:37]} Bxa8 {[%clk 1:09:14]} 12. Qe2
{[%clk 1:18:01]} O-O {[%clk 1:07:20]} 13. Nc3 {[%clk 1:17:03]} Qb6
{[%clk 1:02:14]} 14. Bg5 {[%clk 1:09:45]} Na6 {[%clk 0:52:08]} 15. Nd1
{[%clk 1:05:17]} h6 {[%clk 0:40:57]} 16. Bd2 {[%clk 0:59:33]} Re8
{[%clk 0:37:56]} 17. Ne3 {[%clk 0:44:41]} Bf8 {[%clk 0:35:56]} 18. Kh1
{[%clk 0:42:09]} Nc7 {[%clk 0:26:47]} 19. Ba5 {[%clk 0:41:12]} Qb8
{[%clk 0:26:59]} 20. Bxc7 {[%clk 0:41:10]} Qxc7 {[%clk 0:27:27]} 21. Nd2
{[%clk 0:39:29]} Bc6 {[%clk 0:26:17]} 22. Ra1 {[%clk 0:36:36]} Qb7
{[%clk 0:21:02]} 23. Kg1 {[%clk 0:35:32]} Ra8 {[%clk 0:16:51]} 24. Qe1
{[%clk 0:34:25]} Ra6 {[%clk 0:16:18]} 25. b3 {[%clk 0:29:52]} Qa8
{[%clk 0:15:18]} 26. Rxa6 {[%clk 0:30:00]} Qxa6 {[%clk 0:15:46]} 27. c4
{[%clk 0:30:01]} Qa5 {[%clk 0:13:34]} 28. Qc1 {[%clk 0:23:03]} Qb4
{[%clk 0:12:23]} 29. Nef1 {[%clk 0:20:03]} Be7 {[%clk 0:10:46]} 30. Qa1
{[%clk 0:19:44]} bxc4 {[%clk 0:09:35]} 31. dxc4 {[%clk 0:16:32]} Qb7
{[%clk 0:09:30]} 32. Qb1 {[%clk 0:16:20]} Ne8 {[%clk 0:08:00]} 33. Ne3
{[%clk 0:14:17]} Bd8 {[%clk 0:02:29]} 34. Qd3 {[%clk 0:12:05]} Ba5
{[%clk 0:02:15]} 35. Ndf1 {[%clk 0:12:15]} g6 {[%clk 0:01:08]} 36. h3
{[%clk 0:04:44]} Qb4 {[%clk 0:00:58]} 37. Bf3 {[%clk 0:02:26]} Qc3
{[%clk 0:00:59]} 38. Qxc3 {[%clk 0:02:42]} Bxc3 {[%clk 0:01:27]} 39. Nd5
{[%clk 0:02:58]} Bxd5 {[%clk 0:01:27]} 40. cxd5 {[%clk 0:01:40]} Kg7
{[%clk 0:00:45]} 41. Be2 {[%clk 0:28:38]} Bd4 {[%clk 0:25:03]} 42. Kg2
{[%clk 0:28:37]} f5 {[%clk 0:24:29]} 43. f3 {[%clk 0:28:39]} Nf6 {[%clk 0:19:18]}
44. Bd3 {[%clk 0:26:27]} fxe4 {[%clk 0:16:57]} 45. fxe4 {[%clk 0:25:46]} Nd7
{[%clk 0:16:32]} 46. Bb5 {[%clk 0:23:58]} Nb6 {[%clk 0:15:20]} 47. Nd2
{[%clk 0:23:27]} Bc3 {[%clk 0:13:45]} 48. Nc4 {[%clk 0:23:45]} Nxc4
{[%clk 0:13:54]} 49. bxc4 {[%clk 0:24:03]} 1/2-1/2

[Event "WCO2014"]
[Site "Tromso"]
[Date "2014.08.12"]
[Round "10.36"]
[WhiteID "13402005"]
[White "Mamedjarova Turkan"]
[BlackID "1501909"]
[Black "Hagesather Ellen"]
[Result "1-0"]
[LiveChessVersion "1.4.3"]
[BlackElo "2182"]
[WhiteElo "2274"]

1. e4 {[%clk 1:30:49]} e5 {[%clk 1:30:35]} 2. Nf3 {[%clk 1:31:09]} Nc6
{[%clk 1:30:50]} 3. d4 {[%clk 1:29:27]} exd4 {[%clk 1:30:04]} 4. Nxd4
{[%clk 1:29:52]} Nf6 {[%clk 1:29:47]} 5. Nc3 {[%clk 1:29:52]} Bc5
{[%clk 1:28:11]} 6. Nb3 {[%clk 1:28:29]} Bb4 {[%clk 1:24:43]} 7. Bd3
{[%clk 1:23:59]} d5 {[%clk 1:15:31]} 8. exd5 {[%clk 1:13:23]} Qxd5
{[%clk 1:10:37]} 9. O-O {[%clk 1:08:53]} Bxc3 {[%clk 1:09:29]} 10. bxc3
{[%clk 1:09:07]} O-O {[%clk 1:07:11]} 11. c4 {[%clk 1:01:30]} Qd6
{[%clk 0:54:32]} 12. c5 {[%clk 1:00:49]} Qe6 {[%clk 0:48:21]} 13. Re1
{[%clk 0:48:15]} Qg4 {[%clk 0:48:12]} 14. f3 {[%clk 0:48:23]} Qh4
{[%clk 0:46:04]} 15. g3 {[%clk 0:46:31]} Qh5 {[%clk 0:43:36]} 16. Bf4
{[%clk 0:44:16]} Nd5 {[%clk 0:33:55]} 17. g4 {[%clk 0:41:38]} Qh4
{[%clk 0:33:32]} 18. Bxh7+ {[%clk 0:29:17]} Qxh7 {[%clk 0:33:22]} 19. Qxd5
{[%clk 0:29:45]} Nb4 {[%clk 0:31:29]} 20. Qd2 {[%clk 0:25:34]} Nxc2
{[%clk 0:31:16]} 21. Bxc7 {[%clk 0:25:53]} Nxa1 {[%clk 0:31:12]} 22. Rxa1
{[%clk 0:24:30]} Qg6 {[%clk 0:29:15]} 23. Re1 {[%clk 0:22:25]} Be6
{[%clk 0:27:47]} 24. Nd4 {[%clk 0:18:45]} Rfe8 {[%clk 0:27:59]} 25. h3
{[%clk 0:18:02]} Bd7 {[%clk 0:24:59]} 26. Rf1 {[%clk 0:16:15]} Rac8
{[%clk 0:24:16]} 27. Bg3 {[%clk 0:16:31]} Qh6 {[%clk 0:21:11]} 28. Qxh6
{[%clk 0:14:56]} gxh6 {[%clk 0:21:36]} 29. Rb1 {[%clk 0:12:11]} Rxc5
{[%clk 0:21:43]} 30. Rxb7 {[%clk 0:12:32]} Rd5 {[%clk 0:21:51]} 31. Bf2
{[%clk 0:09:44]} a5 {[%clk 0:20:35]} 32. Kg2 {[%clk 0:09:04]} Rc8
{[%clk 0:19:14]} 33. Kg3 {[%clk 0:06:40]} Rc4 {[%clk 0:16:49]} 34. Rb8+
{[%clk 0:07:01]} Kg7 {[%clk 0:16:57]} 35. Ne2 {[%clk 0:06:03]} Rd2
{[%clk 0:15:31]} 36. Rd8 {[%clk 0:04:39]} Rxe2 {[%clk 0:10:44]} 37. Rxd7
{[%clk 0:05:07]} Kf6 {[%clk 0:10:03]} 38. a3 {[%clk 0:01:33]} Ra2
{[%clk 0:07:04]} 39. Rd6+ {[%clk 0:00:48]} Ke5 {[%clk 0:04:23]} 40. Rxh6
{[%clk 0:01:03]} Rxa3 {[%clk 0:04:31]} 41. Rh5+ {[%clk 0:30:44]} Ke6
{[%clk 0:30:51]} 42. Rh6+ {[%clk 0:25:39]} Ke7 {[%clk 0:29:50]} 43. Rh5
{[%clk 0:24:38]} Ra1 {[%clk 0:27:49]} 44. h4 {[%clk 0:20:45]} a4 {[%clk 0:25:03]}
45. Ra5 {[%clk 0:20:25]} Kf6 {[%clk 0:19:17]} 46. Bc5 {[%clk 0:16:07]} Rac1
{[%clk 0:18:13]} 47. Bf8 {[%clk 0:15:17]} Rg1+ {[%clk 0:16:50]} 48. Kf2
{[%clk 0:15:09]} Rh1 {[%clk 0:16:40]} 49. Ra6+ {[%clk 0:08:59]} Ke5
{[%clk 0:16:34]} 50. Bg7+ {[%clk 0:09:06]} Kd5 {[%clk 0:16:23]} 51. h5
{[%clk 0:08:44]} f5 {[%clk 0:03:16]} 52. Ra5+ {[%clk 0:06:13]} Kc6
{[%clk 0:02:09]} 53. Kg2 {[%clk 0:03:25]} fxg4 {[%clk 0:01:40]} 54. Kxh1
{[%clk 0:03:20]} gxf3 {[%clk 0:01:53]} 55. h6 {[%clk 0:01:35]} Rf4
{[%clk 0:00:39]} 56. Kg1 {[%clk 0:01:28]} Rh4 {[%clk 0:00:43]} 57. Kf2
{[%clk 0:01:22]} Kb6 {[%clk 0:01:05]} 58. Rg5 {[%clk 0:01:17]} a3
{[%clk 0:00:55]} 59. Kxf3 {[%clk 0:01:02]} Rh1 {[%clk 0:00:46]} 60. Kg2
{[%clk 0:00:39]} Rh4 {[%clk 0:00:51]} 61. Rg3 {[%clk 0:00:40]} a2
{[%clk 0:00:39]} 62. Ra3 {[%clk 0:00:57]} 1-0

[Event "WCO2014"]
[Site "Tromso"]
[Date "2014.08.12"]
[Round "10.17"]
[WhiteID "8602980"]
[White "Hou Yifan"]
[BlackID "2219026"]
[Black "Vega Gutierrez Sabrina"]
[Result "1-0"]
[LiveChessVersion "1.4.3"]
[BlackElo "2395"]
[WhiteElo "2661"]

1. e4 {[%clk 1:30:56]} c5 {[%clk 1:30:53]} 2. Nf3 {[%clk 1:31:21]} Nc6
{[%clk 1:31:16]} 3. Bb5 {[%clk 1:31:47]} Nf6 {[%clk 1:31:34]} 4. Bxc6
{[%clk 1:31:46]} dxc6 {[%clk 1:31:08]} 5. d3 {[%clk 1:32:09]} g6 {[%clk 1:29:55]}
6. h3 {[%clk 1:28:12]} Bg7 {[%clk 1:29:32]} 7. Nc3 {[%clk 1:28:29]} O-O
{[%clk 1:19:13]} 8. Be3 {[%clk 1:24:44]} b6 {[%clk 1:15:06]} 9. Qd2
{[%clk 1:24:56]} e5 {[%clk 1:07:56]} 10. Bh6 {[%clk 1:21:23]} Qe7
{[%clk 1:03:23]} 11. O-O {[%clk 1:15:09]} Ne8 {[%clk 0:56:59]} 12. a3
{[%clk 1:08:54]} Nc7 {[%clk 0:46:07]} 13. Bxg7 {[%clk 0:50:10]} Kxg7
{[%clk 0:46:28]} 14. Ne2 {[%clk 0:49:49]} f6 {[%clk 0:38:57]} 15. Nh2
{[%clk 0:49:45]} Ne6 {[%clk 0:32:51]} 16. f4 {[%clk 0:50:09]} exf4
{[%clk 0:32:59]} 17. Nxf4 {[%clk 0:50:35]} Nxf4 {[%clk 0:33:12]} 18. Rxf4
{[%clk 0:50:44]} Be6 {[%clk 0:31:14]} 19. Raf1 {[%clk 0:49:16]} Rad8
{[%clk 0:31:26]} 20. Qc3 {[%clk 0:49:25]} Bc8 {[%clk 0:17:50]} 21. R1f2
{[%clk 0:42:38]} Qd6 {[%clk 0:17:34]} 22. Rxf6 {[%clk 0:36:39]} Rxf6
{[%clk 0:17:02]} 23. e5 {[%clk 0:37:08]} Rxf2 {[%clk 0:15:51]} 24. exd6+
{[%clk 0:37:34]} Rf6 {[%clk 0:16:11]} 25. Qe5 {[%clk 0:37:37]} Rdxd6
{[%clk 0:15:11]} 26. Qe7+ {[%clk 0:38:01]} Kg8 {[%clk 0:10:08]} 27. Qxa7
{[%clk 0:37:35]} c4 {[%clk 0:09:45]} 28. Qb8 {[%clk 0:34:29]} cxd3
{[%clk 0:05:02]} 29. cxd3 {[%clk 0:31:43]} Rd8 {[%clk 0:05:23]} 30. Nf3
{[%clk 0:31:58]} h6 {[%clk 0:00:45]} 31. Qc7 {[%clk 0:26:48]} Rdf8
{[%clk 0:00:56]} 32. Ne5 {[%clk 0:26:49]} c5 {[%clk 0:01:02]} 33. Nc6
{[%clk 0:25:01]} Bf5 {[%clk 0:00:46]} 34. Qxb6 {[%clk 0:22:12]} Kh8
{[%clk 0:00:33]} 35. Qb7 {[%clk 0:18:59]} Bxd3 {[%clk 0:00:49]} 36. Ne5
{[%clk 0:19:28]} c4 {[%clk 0:00:38]} 37. Qd5 {[%clk 0:18:44]} Rf1+
{[%clk 0:00:35]} 38. Kh2 {[%clk 0:19:13]} R1f2 {[%clk 0:00:34]} 39. Nxd3
{[%clk 0:17:45]} cxd3 {[%clk 0:01:02]} 40. Qxd3 {[%clk 0:18:09]} Kh7
{[%clk 0:00:51]} 41. b4 {[%clk 0:18:15]} Ra2 {[%clk 0:25:00]} 42. b5
{[%clk 0:46:32]} Rff2 {[%clk 0:21:57]} 43. Qd7+ {[%clk 0:44:16]} Kh8
{[%clk 0:22:04]} 44. Qd5 {[%clk 0:39:13]} Rfd2 {[%clk 0:16:18]} 45. Qc6
{[%clk 0:39:20]} Kh7 {[%clk 0:16:08]} 46. b6 {[%clk 0:39:15]} Rac2
{[%clk 0:09:26]} 47. Qb7+ {[%clk 0:39:18]} Kh8 {[%clk 0:09:24]} 48. a4
{[%clk 0:39:39]} Ra2 {[%clk 0:08:47]} 49. a5 {[%clk 0:38:55]} 1-0